Efektívnosť bánk v podmienkach bankových sektorov krajín V4 diplomová práca

Gespeichert in:
Bibliographische Detailangaben
1. Verfasser: Staníček, Timotej
Körperschaft: Národohospodárska fakulta EU. Katedra bankovníctva a medzinárodných financií
Weitere Verfasser: Horvátová, Eva, 1958-
Format: Buch
Sprache:Slowakisch
Veröffentlicht: Bratislava 2025
Tags: Tag hinzufügen
Keine Tags, Fügen Sie das erste Tag hinzu!

MARC

LEADER 00000nbm a2200000 4500
001 0309392
005 20251006115025.2
041 0 |a slo 
044 |a SK 
245 1 0 |a Efektívnosť bánk v podmienkach bankových sektorov krajín V4  |b diplomová práca  |c Timotej Staníček ; školiteľ: Eva Horvátová 
264 1 |a Bratislava  |c 2025 
300 |a 63 s. 
100 1 |a Staníček, Timotej 
700 1 |a Horvátová, Eva, 1958- 
710 2 |a Národohospodárska fakulta EU. Katedra bankovníctva a medzinárodných financií